| 000 | 00566nam a2200193Ia 4500 | ||
|---|---|---|---|
| 003 | OSt | ||
| 005 | 20240801101613.0 | ||
| 008 | 210716s2016 xx 000 0 und d | ||
| 020 | _a9780143428978 | ||
| 040 | _cAIMIT LIBRARY | ||
| 041 | _aeng | ||
| 082 |
_a374.22 _21 _bSINS |
||
| 100 |
_aSinha, Surveen. _9174649 |
||
| 245 |
_aTip of the iceberg : _bunknown truth behind India's start ups / _cBy Suveen Sinha. |
||
| 250 | _a1st ed. | ||
| 260 |
_aHaryana : _bPenguin Books , _c2016. |
||
| 300 |
_axxxvii,241p. ; _bPB _c22.1 cm |
||
| 942 |
_2ddc _cBK _e1st _k374.22 SINS |
||
| 999 |
_c210463 _d210463 |
||